Contribución al conocimiento de la fauna entomológica marroquí / (Record no. 118210)

MARC details
000 -LEADER
campo de control de longitud fija 00575nam a2200169 4500
001 - NÚMERO DE CONTROL
campo de control 118210
003 - IDENTIFICADOR DE NÚMERO DE CONTROL
campo de control ES-MaACL
005 - FECHA Y HORA DE LA ÚLTIMA TRANSACCIÓN
campo de control 20230906191043.0
007 - CAMPO FIJO DE DESCRIPCIÓN FÍSICA--INFORMACIÓN GENERAL
campo de control de longitud fija t|
008 - DATOS DE LONGITUD FIJA--INFORMACIÓN GENERAL
campo de control de longitud fija 070214s1950 mr r ||||1| spa d
100 1# - ENTRADA PRINCIPAL--NOMBRE DE PERSONA
Nombre de persona Pardo Alcaide, Anselmo.
9 (RLIN) 88985
245 10 - MENCIÓN DEL TÍTULO
Título Contribución al conocimiento de la fauna entomológica marroquí /
Mención de responsabilidad, etc. por Anselmo Pardo Alcaide.
Número de parte o sección de la obra , . III.
260 ## - PUBLICACIÓN, DISTRIBUCIÓN, ETC.
Lugar de publicación, distribución, etc. Tetúan :
Nombre del editor, distribuidor, etc. Ed. Marroquí,
Fecha de publicación, distribución, etc. 1950.
300 ## - DESCRIPCIÓN FÍSICA
Extensión 74 p. ;
Dimensiones 21 cm.
710 2# - ENTRADA AGREGADA--NOMBRE DE ENTIDAD CORPORATIVA
Nombre de entidad corporativa o nombre de jurisdicción como elemento de entrada Instituto General Franco de Estudios e Investigación Hispano-Árabe.
9 (RLIN) 149197
852 ## - LOCALIZACIÓN
Ubicación ES-MaACL
Número de control de estantería E-3577
Holdings
Estatus retirado Estado de pérdida Estado de daño No para préstamo Biblioteca de origen Biblioteca actual Ubicación en estantería Fecha de adquisición Fuente de adquisición Total de préstamos Signatura topográfica completa Código de barras Visto por última vez Precio de reemplazo Tipo de ítem Koha
        Biblioteca del Ateneo de Madrid Biblioteca del Ateneo de Madrid Depósito 2 17/01/2008     E-3577 1123236 23/02/2023 23/02/2023 Libro impreso